Visualizzazione normale
Vista MARC
- Kantor Frantz
di Personal Name
Records bibliografici associati: 1
001 - CONTROL NUMBER
- control field: 37295
003 - CONTROL NUMBER IDENTIFIER
- control field: IT-RoPau
005 - DATE AND TIME OF LATEST TRANSACTION
- control field: 20151125163602.0
008 - FIXED-LENGTH DATA ELEMENTS
- fixed length control field: 151125|| aca||aabn | a|a d
040 ## - CATALOGING SOURCE
- Original cataloging agency: IT-RoPau
- Transcribing agency: IT-RoPau
100 ## - HEADING--PERSONAL NAME
- Personal name: Kantor Frantz
- Relator term: (regista)
- Miscellaneous information: Codice regista SPICS: 60178
670 ## - SOURCE DATA FOUND
- Source citation: Work cat.: (IT-RoPau)104720: Kantor Frantz Codice regista SPICS: 60178 37289, CREAZIONE (LA) - L'ARCA DI NOE' CREAZIONE (LA) - L'ARCA DI NOE' (Rif. Codice opera principale : K0455)